8 mots dans mots : lin (mort subite) - Statistiques

Statistiques générales
  • Ce quiz a été pris 22 fois
  • Le résultat moyen est 6 sur 8
Answers on the Grid
Answers color-coded by a green-red scale on the quiz's grid according to % correct below.
contreba---cer
batteur-mé---geur
psycho---guistique
g---douiller
ébouil---ter
cy---dro-conique
enguir---der
co---- maillards
mascu---iser
dégou---er
invraisemb---ce
ma---tentionnées
interp---étaire
bour---guer
ensang---ter
pluridiscip---arité
 
Statistiques - réponses
Réponse % Correct
psycho---guistique
89%
cy---dro-conique
83%
mascu---iser
78%
ma---tentionnées
78%
co---- maillards
72%
dégou---er
67%
pluridiscip---arité
67%
bour---guer
61%
Aucun quiz correspondant
Distribution des résultats
% des personnes avec chaque résultat
Percentile par nombre de réponses
Votre historique - résultats
Vous n’avez pas pris ce quiz